| 000 | 00680nam a2200181Ia 4500 | ||
|---|---|---|---|
| 008 | 090201s9999 xx 000 0 und d | ||
| 010 | _aKPL-68890 | ||
| 040 | _bमराठी | ||
| 041 | _aमराठी | ||
| 082 |
_a47429 _b68890 |
||
| 100 | _aश. के. लेले | ||
| 245 |
_aमराठी वृत्तपत्रांचा इतिहास (रामबाग) _cश. के. लेले |
||
| 250 | _a2 | ||
| 260 |
_c2004 _bकॉन्टिनेन्टल प्रकाशन |
||
| 300 |
_a1165 _bमध्यम |
||
| 600 | _aमराठी वृत्तपत्रांचा इतिहास (रामबाग) | ||
| 942 | _cBOOK | ||
| 999 |
_c244127 _d244127 |
||